The 20 Common Amino Acids - Statistics

General Stats
  • This quiz has been taken 82 times
  • The average score is 13 of 20
Answer Stats
Answer % Correct
isoleucine
93%
leucine
93%
alanine
87%
glycine
87%
proline
77%
valine
70%
aspartic acid
67%
histidine
67%
arginine
63%
methionine
63%
phenylalanine
63%
tryptophan
63%
lysine
60%
serine
60%
threonine
57%
asparagine
53%
glutamic acid
53%
glutamine
53%
tyrosine
53%
cysteine
50%
No matching quizzes found
Score Distribution
Percent of People with Each Score
Percentile by Number Answered
Your Score History
You have not taken this quiz